| 000 | 00614nam a2200169 a 4500 | ||
|---|---|---|---|
| 001 | 000036026 | ||
| 005 | 20200930074818.0 | ||
| 008 | 111123s1996 dr ac 000 0 spa d | ||
| 040 |
_aDO-SdBNP _bspa _cBNPHU |
||
| 082 | _axxxx | ||
| 245 | 0 | 0 | _aArte dominicano 1890-1940. |
| 260 |
_aSantiago de los Caballeros, República Dominicana : _bE. León Jiménes, _c1996. |
||
| 300 | _a7 p. | ||
| 500 | _aEn la cubierta : Antología del arte santiaguero del siglo 20, Precursores y forjadores santiagueros | ||
| 710 | 2 |
_aPatronato Plaza de la Cultura Santiago Apostol _962071 |
|
| 710 | 2 |
_aInstituto de Cultura y Arte _962072 |
|
| 999 |
_c35517 _d35517 |
||